书目信息 |
| 题名: |
苹果
|
|
| 作者: | ;河北省石家庄果树研究所 编 | |
| 分册: | ||
| 出版信息: | 石家庄 河北人民出版社 1977 |
|
| 页数: | 137页 | |
| 开本: | 19cm | |
| 丛书名: | 果树栽培技术丛书 | |
| 单 册: | ||
| 中图分类: | S661.1 | |
| 科图分类: | ||
| 主题词: | 苹果 | |
| 电子资源: | ||
| ISBN: | ||
| 000 | 00669nam2 2200241 45 | |
| 001 | 0177002931 | |
| 005 | 20060810151821.25 | |
| 010 | @dCNY0.33 | |
| 100 | @a19951018d1977 em y0chiy0121 ea | |
| 101 | 0 | @achi |
| 102 | @aCN@b130000 | |
| 105 | @ay z 000yy | |
| 200 | 10 | @a苹果@Aping guo@f河北省石家庄果树研究所编 |
| 210 | @a石家庄@c河北人民出版社@d1977 | |
| 215 | @a137页@d19cm | |
| 225 | 2 | @a果树栽培技术丛书 |
| 410 | 0 | @120010@a果树栽培技术丛书 |
| 606 | @a苹果 | |
| 690 | @aS661.1@v3 | |
| 711 | 02 | @a河北省石家庄果树研究所@Ahe bei sheng shi jia zhuang guo shu yan jiu suo@4编 |
| 801 | 2 | @aCN@bNLC@c20060810 |
| 801 | 0 | @aCN@bTSSF |
| 905 | @a10447@dS661.1@e119 | |
| 苹果/河北省石家庄果树研究所编.-石家庄:河北人民出版社,1977 |
| 137页;19cm.-(果树栽培技术丛书) |
| ISBN :CNY0.33 |
| ● |
| 相关链接 |
|
|
|
|
正题名:苹果
索取号:S661.1/119
 
预约/预借
| 序号 | 登录号 | 条形码 | 馆藏地/架位号 | 状态 | 备注 |
| 1 | 0452171 | 204521712 | 第二样本阅览室/ [索取号:S661.1/119] | 在馆 |